000 00416nam a2200169Ia 4500
005 20240823042913.0
008 240823s9999||||xx |||||||||||||| ||und||
041 _aENGLISH
082 _A621.4021 P3
100 _aBalasundaram K
245 0 _aApplied Thermodynamics
250 _a2nd
260 _c2003
_b"Pratheeba ,Coimbatore"
500 _aTRANSFERED
650 _aThermodynamics
_bMechanical
942 _cBK
999 _c208956
_d208956